Countries That Shared Words With U.S. States - Statistics

General Stats
  • This quiz has been taken 66 times
    36 since last reset
  • The average score is 17 of 29
Answer Stats
Group Answer % Correct
Country Georgia
93%
State Georgia
93%
Country North Korea
78%
State New Mexico
74%
State New York
74%
State South Carolina
74%
State South Dakota
74%
Country South Korea
74%
State New Jersey
70%
Country New Zealand
70%
State North Carolina
70%
State North Dakota
70%
Country South Sudan
70%
State New Hampshire
67%
Country North Macedonia
67%
Country South Africa
67%
Country Mexico
52%
Country Papua New Guinea
52%
State Rhode Island
48%
Country India
44%
State Indiana
41%
Country Marshall Islands
41%
Country Solomon Islands
41%
State Maryland
33%
Country Finland
30%
Country Iceland
30%
Country Ireland
30%
Country Poland
26%
Country Netherlands
11%
No matching quizzes found
Score Distribution
Percent of People with Each Score
Percentile by Number Answered
Your Score History
You have not taken this quiz since the last reset